000 00796nam a22002057a 4500
999 _c17755
_d17755
005 20251125232900.0
008 th tha d
040 _aNALT
041 _atha
245 1 0 _a80 ปี เนติบัณฑิตยสภา
260 3 _aกรุงเทพฯ :
_bเนติบัณฑิตยสภา,
_cม.ป.ป.
300 _a260 หน้า :
_b ภาพประกอบ ;
_c 29 ซม.
650 0 4 _aเนติบัณฑิตยสภา
650 0 4 _aเนติบัณฑิตยสภา -- ประวัติ
850 _aNALT
856 4 0 _uhttps://hdl.handle.net/20.500.14156/411138
_71
942 _cLB
_2lcc
998 _j25
_k นีลวัสน์ อินทรักษา
090 _aKU31 น786ป